Statistiques concernant Carte de France des indépendantistes

Cliquez ici pour prendre le quiz!

Statistiques générales

  • Ce quiz a été pris 693 fois
  • Le résultat moyen est 11 sur 16

Réponses sur la Carte

Les réponses sont colorées sur une échelle allant du rouge au vert en fonction du pourcentage des utilisateurs qui les ont devinées à leur premier essai. Vous pouvez retrouver ces pourcentages ci-dessous.
 

Statistiques - réponses

Réponses% Correct
Bretagne
99%
Corse
97%
Normandie
96%
Pays Basque
87%
Savoie
81%
Bourgogne
79%
Picardie/Pas-de-Calais
69%
Provence
69%
Catalogne du Nord
67%
Auvergne
64%
Franche-Comté
62%
Santonie/Charente
60%
Languedoc
56%
Comté de Nice
54%
Flandre
53%
Poitou
41%

Distribution des résultats

Percentile par nombre de réponses

% des personnes avec chaque résultat

Votre développement - résultats

Vous n’avez pas pris ce quiz